LEADER 01612nam a2200361 a 4500 001 000000132402 003 CaOOAMICUS 005 20130124103902.0 008 130124s2012 it u000 u ita r 020 $a978-88-459-2725-6 040 $aPUL$bita 041 1 $aita$heng 082 04$a193 100 1 $aWittgenstein, Ludwig,$d1889-1951.$0(OLS)http://pul/name/8445 240 10$aLetters and documents 1911-1951.$lItaliano.$0(OLS)http://pul/title/167274 245 10$aLettere :$b1911-1951 /$cLudwig Wittgenstein ; a cura di Brian McGuinness ; traduzione di Adriana Bottini. 260 $aMilano :$bAdelphi,$cİ2012. 300 $a601 p. ;$c23 cm 490 1 $aBiblioteca filosofica ;$v31 504 $aBibliografia p. [551]-568. 650 4$aFilosofia$xStudi.$0(OLS)http://pul/subject/37214 700 1 $aMcGuinness, Brian.$0(OLS)http://pul/name/49431 700 1 $aBottini, Adriana.$0(OLS)http://pul/name/76001 700 1 $aWittgenstein, Ludwig,$d1889-1951.$tLettere.$0(OLS)http://pul/nameTitle/1744$0(OLS)http://pul/name/8445$0(OLS)http://pul/title/23909 830 0$aBiblioteca filosofica (Adelphi) ;$v31.$0(OLS)http://pul/title/23300 850 $aPUL 852 $aPUL$W1$xSL Filosofia 3$y81$m193 WITLU 3$j152363$qDDC 21$q $B151713$CPULBib$Z2$F151713 $H121567 $81 941 1 $a9 996 $6020$a978-88-459-2725-6$9(OLS)http://pul/number/151573 996 $6082$a193$9(OLS)http://pul/classification/412 996 $6245$aLettere :$b1911-1951$9(OLS)http://pul/title/167273 996 $6260$aMilano :$bAdelphi$9(OLS)http://pul/publisher/51018 LEADER 01772nam a2200409 u 4500 001 000000062059 003 CaOOAMICUS 005 20150915150315.0 008 010919s1984 it u000 u ita u 020 $a8821300978 035 $a10903543 040 $aPUL(R)$bita 245 00$aGiovani e Riconciliazione /$ca cura di Mario Midali e e Riccardo Tonelli. 260 $aRoma :$bLAS,$cc1984. 300 $a297 p.$c24 cm 490 1 $aBiblioteca di scienze religiose ;$v63 490 1 $aStudi di teologia pastorale ;$v10 504 $aBibliografia in nota. 650 4$aGiovani$xReligione.$0(OLS)http://pul/subject/6260 650 4$aPeccato.$0(OLS)http://pul/subject/5639 650 4$aConfessione.$0(OLS)http://pul/subject/3061 700 1 $aTonelli, Riccardo.$0(OLS)http://pul/name/5327 700 1 $aMidali, Mario,$cS.D.B.$0(OLS)http://pul/name/5326 830 0$aStudi di teologia pastorale ;$v10.$0(OLS)http://pul/title/18983 830 0$aBiblioteca di scienze religiose (Libreria Ateneo salesiano) ;$v63.$0(OLS)http://pul/title/491 850 $aPUL 852 $aPUL$W1$xSL Religione 1$y3$m40 L 36$j80760$nBK-PRI$b $qStampati$B80760$CPULBib$Z2$F80760 $H $81 852 $aPUL$W1$xDP1 Fondo S. Lanza$y121$m3 O 22.63$j168628$qFondi$B169247$CPULBib$Z2$F169247 $HLAN216 $82 941 1 $a8 941 1 $a1 961 $aINV: 53011 961 $aNota ms. di possesso: Sergio Lanza 983 0$aNuova biblioteca di scienze religiose. 983 0$aBiblioteca di scienze religiose (LAS) 996 $6020$a8821300978$9(OLS)http://pul/number/80441 996 $6245$aGiovani e Riconciliazione$9(OLS)http://pul/title/82831 996 $6260$aRoma :$bLAS$9(OLS)http://pul/publisher/48069